Country to capital #7 - Statistics

General Stats
  • This quiz has been taken 29 times
  • The average score is 11 of 15
Answer Stats
Hint Answer % Correct
Pakistan Islamabad
100%
Luxembourg Luxembourg
93%
Brazil Brasilia
86%
South Africa Cape Town/Bloemfontein/Pretoria
86%
United Kingdom London
86%
Tunisia Tunis
82%
Algeria Algiers
79%
Malta Valletta
79%
Uruguay Montevideo
75%
North Korea Pyongyang
71%
Libya Tripoli
71%
Uzbekistan Tashkent
64%
Slovenia Ljubljana
57%
Honduras Tegucigalpa
43%
Micronesia Palikir
36%
No matching quizzes found
Score Distribution
Percent of People with Each Score
Percentile by Number Answered
Your Score History
You have not taken this quiz